العولمة والحياة اليومية / (رقم التسجيلة. 180126)

تفاصيل مارك
000 -LEADER
fixed length control field 01318naaaa22003491i 4500
003 - CONTROL NUMBER IDENTIFIER
control field EG-GICUC
005 - DATE AND TIME OF LATEST TRANSACTION
control field 20260513122534.0
008 - FIXED-LENGTH DATA ELEMENTS--GENERAL INFORMATION
fixed length control field 260513b2017 ua a|||jr|||| 001 0 eng d
017 ## - COPYRIGHT OR LEGAL DEPOSIT NUMBER
Copyright or legal deposit number 17030 / 2014
Assigning agency دار الكتب والوثائق القومية (مصر)
020 ## - INTERNATIONAL STANDARD BOOK NUMBER
International Standard Book Number 9789777188258
040 ## - CATALOGING SOURCE
Original cataloging agency EG-GiCUC
Language of cataloging ara
Transcribing agency EG-GiCUC
Modifying agency EG-GiCUC
Description conventions rda
041 ## - LANGUAGE CODE
Language code of text/sound track or separate title ara
Language code of original eng
082 04 - DEWEY DECIMAL CLASSIFICATION NUMBER
Edition number 21
Classification number 303.482
Item number R2125
092 04 - LOCALLY ASSIGNED DEWEY CALL NUMBER (OCLC)
Edition number 21
Classification number 303.482
Item number R2125
099 ## - LOCAL FREE-TEXT CALL NUMBER (OCLC)
Classification number 303.482 R2125
100 1# - MAIN ENTRY--PERSONAL NAME
Personal name راي، لاري
Relator term مؤلف.
240 1# - UNIFORM TITLE
Uniform title Globalization and everyday life
Language of a work eng
245 12 - TITLE STATEMENT
Title العولمة والحياة اليومية /
Statement of responsibility, etc. لاري راي
264 ## - PRODUCTION, PUBLICATION, DISTRIBUTION, MANUFACTURE, AND COPYRIGHT NOTICE
Place of production, publication, distribution, manufacture المركز القومي للترجمة:
Name of producer, publisher, distributor, manufacturer القاهرة.
Date of production, publication, distribution, manufacture, or copyright notice 2017.
300 ## - PHYSICAL DESCRIPTION
Extent 326صفحة
Other physical details إيضاحيات؛
Dimensions 24 سم
336 ## - CONTENT TYPE
Source rdacontent
Content type term text
337 ## - MEDIA TYPE
Source rdamedia
Media type term Unmediated
338 ## - CARRIER TYPE
Source rdacarrier
Carrier type term volume
500 ## - GENERAL NOTE
General note هذا الكتاب ترجمة ل Globalization and everyday life
504 ## - BIBLIOGRAPHY, ETC. NOTE
Bibliography, etc. note 305-322ببليوجرافيا: صفحات.
541 ## - IMMEDIATE SOURCE OF ACQUISITION NOTE
Source of acquisition وزارة الثقافة ؛
Address القاهرة ؛
Method of acquisition إهداء ؛
Date of acquisition 2023.
650 10 - SUBJECT ADDED ENTRY--TOPICAL TERM
Topical term or geographic name entry element العولمة
Form subdivision الفلسفة
650 10 - SUBJECT ADDED ENTRY--TOPICAL TERM
Topical term or geographic name entry element علم الاجتماع
Form subdivision الفلسفة
700 1# - ADDED ENTRY--PERSONAL NAME
Personal name الشرف خاطر
Relator term مترجم.
905 ## - Cataloger and Reviser Names
Cataloger Name Samah
942 ## - ADDED ENTRY ELEMENTS (KOHA)
Source of classification or shelving scheme Dewey Decimal Classification
Koha item type Books
Edition 21
Suppress in OPAC No

لا توجد مواد متاحة.

Cairo University Libraries Portal Implemented & Customized by: Eng. M. Mohamady Contacts: new-lib@cl.cu.edu.eg | cnul@cl.cu.edu.eg
CUCL logo CNUL logo
© All rights reserved — Cairo University Libraries
CUCL logo
Implemented & Customized by: Eng. M. Mohamady Contact: new-lib@cl.cu.edu.eg © All rights reserved — New Central Library
CNUL logo
Implemented & Customized by: Eng. M. Mohamady Contact: cnul@cl.cu.edu.eg © All rights reserved — Cairo National University Library